000 00928cam a2200289 a 4500
001 1674
005 20251201141140.0
020 _a9780590449922
040 _aDLC
_cDLC
_dDLC
_beng
050 0 0 _aPZ8.M3554
082 0 0 _a398.21
100 _aMarshall, James
245 0 0 _aGoldilocks and the three bears /
_cRetold and illustrated by Marshall, James
250 _aFirst Scholastic printing, September 1991
260 _bScholastic,
_c1988
_aNew York :
300 _a32 unnumbered pages :
_bcolor illustrations ;
_c27 cm
500 _aCover title.
505 _aK
520 _aThree bears return home from a walk to find a little girl asleep in baby bear's bed.
521 _a520
_bLexile
521 _aK
_bRaz-Plus
650 0 _aToy and movable books
_vSpecimens.
650 1 _aFolklore.
650 1 _aToy and movable books.
906 _a7
_bcbc
_corignew
_d2
_encip
_f19
_gy-gencatlg
942 _2ddc
_cBK
_n0
999 _c1674
_d1674